Jak voskresyty naši duší? (do 85-riččja vid dnja narodžennja Mychajla Šmajdy)

Bibliographic Details
Main Author: Dacko, Juraj, 1931- (Author)
Format: Article
Language:Ukrainian
PhysicalDescription:Fotogr.
Subjects:

MARC

LEADER 00000cab a2200000 a 4500
001 vtls008627710
003 SK-MaSNL
005 20260318121929.0
008 060303c2005 xo wr p 000 c0ukr
015 |a SNBRB2006/03 
038 |a SVKPOCL 
040 |a SVKPOCL  |b slo  |c SVKPOCL  |d SVKPOCL  |d AACR2  |e AACR2 
041 0 |a ukr 
044 |a xo  |c SK 
080 |a 82:929:821.161.2 (437.6)  |2 1997 
080 |a 821.161.2 (437.6):929  |2 1997 
080 |a 929 Šmajda, Michal  |2 1997 
100 1 |a Dacko, Juraj,  |d 1931-  |4 aut  |9 192461 
245 1 0 |a Jak voskresyty naši duší?  |b (do 85-riččja vid dnja narodžennja Mychajla Šmajdy)  |c Jurij Dacko 
300 |b Fotogr. 
600 1 7 |a Šmajda, Michal,  |d 1920-2017  |2 svkpocl  |9 172708 
650 0 7 |a ukrajinskí spisovatelia  |2 svkpocl  |9 66678 
650 0 7 |a osobnosti  |2 snkbucl  |9 29820 
651 7 |a Krásny Brod (Slovensko)  |2 svkpocl  |9 23793 
651 7 |a Medzilaborce (Slovensko : okres)  |2 svkpocl  |9 29394 
655 7 |a biografie  |2 svkpocl  |9 27965 
773 0 |t Nove žyttja  |g Roč. 55, č. 43-44 (2005), s. 2 
852 |a SVKPO  |b KIS3GCP 
958 |a UK 
958 |a SK 
958 |a LX 
958 |a BX 
958 |a NM 
999 |c 3255482  |d 3257412